Don Juan /
Azorín propone El paisaje de España visto por los españoles (1917) como una serie de comentarios sobre el paisaje en las diversas regiones españoles y las representaciones de la naturaleza y el mundo campestre en la literatura española, mientras define a Tomás Rueda (1915) como un ensayo novelesco s...
Salvato in:
| Autore principale: | |
|---|---|
| Natura: | Libro |
| Lingua: | spagnolo |
| Pubblicazione: |
Buenos Aires, Argentina :
Espasa-Calpe,
1943, c1943
Buenos Aires, Argentina : 1941, c1941 Buenos Aires, Argentina : 1941, c1941 |
| Serie: | (Austral ;
153) (Austral ; 164) (Austral ; 248) |
| Soggetti: | |
| Tags: |
Nessun Tag, puoi essere il primo ad aggiungerne!!
|
MARC
| LEADER | 00000nam^a2200000^a^4500 | ||
|---|---|---|---|
| 001 | 000359914 | ||
| 005 | 20250521000000.0 | ||
| 009 | 20260310115408.879 | ||
| 037 | |a Acervo ITESO - Biblioteca | ||
| 041 | |a ESP | ||
| 082 | |a 808. |b AUS V. 153 | ||
| 100 | |a Azorín |e (autor) | ||
| 240 | 1 | 1 | |a [Don Juan, de Azorín] |
| 245 | 1 | 0 | |a Don Juan / |c Azorín. |
| 264 | 4 | |a Buenos Aires, Argentina : |b Espasa-Calpe, |c 1943, c1943 | |
| 264 | 4 | |a Buenos Aires, Argentina : |b Espasa-Calpe, |c 1941, c1941 | |
| 264 | 4 | |a Buenos Aires, Argentina : |b Espasa-Calpe, |c 1941, c1941 | |
| 300 | |a 150, 155, 159 p. | ||
| 336 | |a texto |b txt |2 rdacontenido | ||
| 337 | |a sin mediación |b n |2 rdamedio | ||
| 338 | |a volumen |b nc |2 rdasoporte | ||
| 440 | 1 | |a (Austral ; |v 153) | |
| 440 | 1 | |a (Austral ; |v 164) | |
| 440 | 1 | |a (Austral ; |v 248) | |
| 501 | |a Encuadernación particular | ||
| 520 | |a Azorín propone El paisaje de España visto por los españoles (1917) como una serie de comentarios sobre el paisaje en las diversas regiones españoles y las representaciones de la naturaleza y el mundo campestre en la literatura española, mientras define a Tomás Rueda (1915) como un ensayo novelesco sobre El licenciado Vidriera, una de las narraciones que Miguel de Cervantes Saavedra (1547-1616) publicó en el volumen titulado Novelas ejemplares (1613). | ||
| 545 | 0 | |a José Martínez Ruiz, Azorín (1873-1967), escritor español, miembro de la Generación del 98, influyó en la renovación de la prosa literaria moderna a través de sus ensayos y sus novelas; sus obras de teatro, de corte experimental, tuvieron poco éxito y no fueron populares. Creador de un estilo propio, cercano al impresionismo pictórico, con el empleo de frases cortas y de sintaxis simple, se centró más en las descripciones detallistas basadas en un amplio vocabulario y en las que, con frecuencia, aparecen arcaísmos, que en el argumento o en la narración. Su tono era melancólico y de añoranza hacia el pasado, con lo que logró una expresión íntima y personal. Su novelística travesó varias etapas, desde aquella en que predominan los motivos autobiográficos y las impresiones que deja el paisaje (Castilla y Valencia fueron temas constantes) para posteriormente ser vanguardista; por último, volvió a ser más narrativa. Sus ensayos trataron el paisaje, la tradición cultural y la realidad españoles. Fue autor, entre otros, de los libros de ensayos: Los pueblos (1905), Vidriera (1915), El paisaje de España visto por los españoles (1917), Una hora de España (1924), El cine y el momento (1953), Ejercicios de castellano (1960); de las novelas: La voluntad, Confesiones de un pequeño filósofo, Angelita y don Juan (1922), Doña Inés (1925). | |
| 649 | |a XX | ||
| 650 | |a Escritores Españoles | ||
| 650 | |a Novela Española | ||
| 650 | |a Ensayos Españoles | ||
| 650 | |a Novela Española - |x Historia y Crítica - |x Tema Principal | ||
| 650 | |a Literatura Española - |x Historia y Crítica | ||
| 650 | |a Literatura Española - |y Epoca Clásica, 1500-1700 | ||
| 650 | |a Literatura Española - |y Generación del 98 | ||
| 650 | |a Literatura Española - |y Siglo XX | ||
| 650 | |a Cortejo y Seducción en la Literatura | ||
| 650 | |a Destino y Fatalismo en la Literatura | ||
| 650 | |a Paisajes en la Literatura - |z España - |x Historia y Crítica - |x Tema Principal | ||
| 650 | |a Paisajes - |z España - |x Descripción | ||
| 650 | |a Cultura Rural en la Literatura - |z España - |x Historia y Crítica | ||
| 650 | |a Zonas Rurales en la Literatura - |z España - |x Historia y Crítica | ||
| 650 | |a Naturaleza en la Literatura - |z España - |x Historia y Crítica | ||
| 650 | |a Región - |z España | ||
| 650 | |a España - |x Descripción | ||
| 650 | |a Don Juan - |x Tema Principal | ||
| 650 | |a Cervantes Saavedra, Miguel de - |x Tema Principal | ||
| 740 | 3 | |a El paisaje de España visto por los españoles / |c Azorín. | |
| 740 | 0 | |a Tomás Rueda / |c Azorín. | |
| 910 | |a Fondo General | ||
| 920 | |a Impresos - Libros | ||
| 930 | |a Colección General | ||
| 940 | |a Literatura | ||
| 905 | |a 101 | ||
| 901 | |a 0500253290 |b IT1 |c LIT |i D71785 |u 20250521 | ||
| 902 | |a https://opac.biblio.iteso.mx/vufind/Record/000359914 | ||